Chandelier - Sia - All Lyrics - Statistics

General Stats
  • This quiz has been taken 426 times
  • The average score is 278 of 379
Answer Stats
Answer % Correct
I
99%
chandelier
98%
the
98%
a
95%
from
95%
From
95%
swing
94%
(Ahh)
93%
Oh,
93%
gonna
92%
I’m
92%
I'm
92%
on
91%
On
91%
one
88%
One,
88%
one,
88%
it
87%
three,
87%
two,
87%
like
86%
Like
86%
my
84%
down,
81%
down
81%
feel
78%
Feel
78%
doesn't
77%
drink
77%
night
77%
exist
76%
when
76%
don't
75%
fly
75%
for
75%
get
72%
love,
70%
love
70%
push
69%
tomorrow
69%
back
68%
girls
68%
they
68%
eyes
67%
live
67%
Party
67%
bird
65%
tonight
65%
tonight,
65%
as
64%
hurt
64%
tears
64%
'til
64%
anythin',
62%
open
62%
Can’t
61%
up,
61%
Won’t
61%
won't
61%
good
60%
life
60%
through
60%
time
60%
dry
58%
'em
58%
holdin'
58%
just
58%
Throw
58%
'Cause
56%
‘Cause
56%
will
55%
light
54%
look
54%
dear
53%
lose
53%
me,
52%
learn?
51%
count
50%
Keep
49%
until
49%
mornin'
48%
call
47%
glass
45%
doorbell
44%
is
42%
full
40%
ringin'
39%
blowin'
38%
Phone’s
38%
this
38%
Here
36%
here
36%
now,
36%
Sun
35%
out
34%
comes
33%
shame,
33%
shame
33%
But
32%
run
32%
mess
31%
Gotta
28%
gotta
28%
Help
22%
No matching quizzes found
Score Distribution
Percent of People with Each Score
Percentile by Number Answered
Your Score History
You have not taken this quiz